Manuál exportéra : jak analyzovat zahraniční trhy /

Main Author: Waisová, Šárka, 1978-
Language: Czech
Published: Plzeň : Vydavatelství a nakladatelství Aleš Čeněk, 2014
Subjects:
Physical Description: 167 s. : il. ; 21 cm
Language note: Anglické resumé
Book
Saved in:
LEADER 01812nam a2200457 a 4500
001 nkc20152658931
003 CZ PrNK
005 20181205095819.0
007 ta
008 150116s2014 xr a e f 001 0 cze
015 |a cnb002658931 
020 |a 978-80-7380-539-5  |q (brož.) 
035 |a (OCoLC)908821026 
040 |a ABA001  |b cze 
041 0 |a cze  |b eng 
072 7 |a 339.5  |x Zahraniční obchod. Mezinárodní obchod  |2 Konspekt  |9 4 
080 |a 339.13-027.543  |2 MRF 
080 |a 339.5  |2 MRF 
080 |a 339.564  |2 MRF 
080 |a (035)  |2 MRF 
100 1 |a Waisová, Šárka,  |d 1978-  |7 js20020610016  |4 aut 
245 1 0 |a Manuál exportéra :  |b jak analyzovat zahraniční trhy /  |c Šárka Waisová 
260 |a Plzeň :  |b Vydavatelství a nakladatelství Aleš Čeněk,  |c 2014 
300 |a 167 s. :  |b il. ;  |c 21 cm 
504 |a Obsahuje bibliografii, bibliografické odkazy a rejstřík 
546 |a Anglické resumé 
650 0 7 |a zahraniční trhy  |7 ph855197  |x analýza  |2 czenas 
650 0 7 |a mezinárodní obchod  |7 ph115283  |2 czenas 
650 0 7 |a vývoz  |7 ph116717  |2 czenas 
650 0 9 |a foreign markets  |x analysis  |2 eczenas 
650 0 9 |a international trade  |2 eczenas 
650 0 9 |a exports  |2 eczenas 
655 7 |a příručky  |7 fd133209  |2 czenas 
655 9 |a handbooks and manuals  |2 eczenas 
910 2 |a BOA001  |b 2-1346.013 
990 |a BK 
995 |a 01 
996 6 |b 2610631510  |c 2-1346.013  |l MZK  |r Sklad / do 1 hodiny  |n 3  |p p.v.  |w 001501719  |u 000010  |a 1  |e BOA001  |j MZK50  |s P 
996 6 |b 2610632340  |c 2-1346.013  |l MZK  |r HSS 4p  |n 0  |p kup  |h 339.5 WAI  |w 001501719  |u 000020  |a 0  |e BOA001  |j MZK50  |s P 
996 7 |b 2610632341  |c 2-1346.013  |l MZK  |r Sklad / do 1 hodiny  |n 19  |p kup  |w 001501719  |u 000030  |a 1  |e BOA001  |j MZK50  |s A 
996 7 |b 2610764166  |c 2-1346.013  |l MZK  |r Sklad / do 1 hodiny  |n 5  |p kup  |w 001501719  |u 000040  |a 1  |e BOA001  |j MZK50  |s A